1857 1963 1982 1453 1898 1292 1765 1415 1387 1393 1378 1785 1052 1109 1527 1493 1336 1578 1695 1978 1872 1840 1842 1888 1165 1586 1128 1430 1151 1300 1637 1062 1249 1290 1673 1536 1537 1180 1631 1608 1348 1340 1564 1657 1309 1394 1751 1919 1097 1945 1476 1314 1857 1391 1562 1284 1191 1386 1394 1470 1000 1649 1320 1752 1776 1187 1176 1264 1997 1521 1654 1468 1429 1600 1898 1527 1933 1649 1743 1670 1096 1771 1359 1305 1690 1914 1632 1188 1236 1885 1857 1031 1587 1041 1080 1849 1568 1449 1654 BCNSPRNW ULIB Ver.6.0+V

เปลี่ยนเป็นภาษาไทย

Change to English
 แสดงรายละเอียดบรรณานุกรม
  กลับหน้าหลัก

Brief Record : Get Marc (ISO 2709) : E-mail record : QR code < ปิดหน้าต่าง
LEADER : 00000nam 2200000uu 4500
001    13399107937
003     ULIB
008    110210s2552||||th 000 0 tha d
020    9789740325574
060 04 WY157^bส839ก 2552
100 0  สุภาวดี เครือโชติกุล
245 10 การพยาบาลสูติศาสตร์ :^bภาวะแทรกซ้อนระหว่างตั้งครรภ์ =Nursing obstetrics complication during pregnancy /^cสุภาวดี เครือโชติกุล
246 31 Nursing obstetrics complication during pregnancy
250    พิมพ์ครั้งที่ 2
260    กรุงเทพฯ :^bสำนักพิมพ์แห่งจุฬาลงกรณ์มหาวิทยาลัย,^c2552
300    195 หน้า :^bภาพประกอบ ;^c26 ซม.
650  7 การคลอด
650  7 การพยาบาลสูติศาสตร์
650  7 ครรภ์
650  7 ภาวะแทรกซ้อนขณะตั้งครรภ์
945    ^p170^l0^i029011
945    ^p170^l0^i029010
945    ^p170^l0^i029008
945    ^p170^l0^i029007
945    ^p170^l0^i029006
945    ^p170^l0^i029005
945    ^p170^l0^i026555
945    ^p170^l0^i029009
945    ^p170^l0^i027555
995    ทศพร
999 ^a ใช้งานได้ทุกระบบ
รายการนี้ยังไม่มีแท็ก
คุณยังไม่ได้ล็อกอิน คุณสามารถมีกิจกรรมร่วมกับเว็บไซต์ได้ แต่ต้องล็อกอินก่อน ::
  ล็อกอิน

รายการสื่อสารสนเทศ

ลำดับที่ ประเภท เลขเรียก/บาร์โค้ด สถานที่ สถานะ
1. วิทยาศาสตร์การแพทย์ และสุขภาพ
วิทยาศาสตร์การแพทย์ และสุขภาพ
WY157 ส839ก 2552 ฉ.6 
  Barcode: 029008
ห้องสมุดวิทยาเขตสวรรค์ประชารักษ์
►ส่วนจัดเก็บหนังสือเก่า สปร
บนชั้น
  ขอยืม

รายการใกล้เคียง
    ผู้แต่ง [สุภาวดี เครือโชติกุล]

    หัวเรื่อง [การคลอด]
    หัวเรื่อง [การพยาบาลสูติศาสตร์]
    หัวเรื่อง [ครรภ์]
    หัวเรื่อง [ภาวะแทรกซ้อนขณะตั้งครรภ์]

BibComment


ยังไม่เคยถูกคอมเมนท์

คอมเมนท์ทรัพยากรรายการนี้
  คอมเมนท์: การพยาบาลสูติศาสต..


 Copyright 2026. Bcnsprnw @Library